Propuesta de rehabilitación del palacio de la cultura Joaquín Pasos de la Ciudad de Granada, departamento de Granada

Presenta una propuesta de rehabilitación del palacio de la cultura Joaquín Pasos de la Ciudad de Granada, departamento de Granada. Desde el punto de vista histórico, el inmueble representa una de las más importantes edificaciones de carácter civil de la ciudad de Granada construida en el siglo...

Full description

Bibliographic Details
Main Authors: Chow Maradiaga, Sugey Izayana, Cantillano Mercado, Tatiana Judith, Morales Dávila, Karla Vanessa
Other Authors: Tutor: García Romano, Hermógenes
Format: Tesis Section = Libro
Language:Undetermined
Spanish
Published: Managua UNI 2016
Subjects:
LEADER 01344nam a2200289Ia 4500
008 240830s9999 xx 000 0 und d
040 |a BIBLIOTECA-RUSB/ Mon 720.288 Ch552 
041 |a spa 
082 |a Mon 720.288 Ch552 
100 1 |a Chow Maradiaga, Sugey Izayana 
100 1 |b Cantillano Mercado, Tatiana Judith 
100 1 |c Morales Dávila, Karla Vanessa 
245 1 0 |a Propuesta de rehabilitación del palacio de la cultura Joaquín Pasos de la Ciudad de Granada, departamento de Granada 
260 |a Managua  |b UNI  |c 2016 
300 |a 94 p. :il. 
500 |a Contiene: anexos e Incluye: CD. 
502 |a Tesis (Arquitecto) - UNI, 2016. 
520 3 |a Presenta una propuesta de rehabilitación del palacio de la cultura Joaquín Pasos de la Ciudad de Granada, departamento de Granada. Desde el punto de vista histórico, el inmueble representa una de las más importantes edificaciones de carácter civil de la ciudad de Granada construida en el siglo xix. 
650 7 |a PATRIMONIO ARQUITECTONICO-CONSERVACION Y RESTAURACION-GRANADA 
650 7 |b  DISEÑO ARQUITECTONICO 
650 7 |c  DISEÑO DE ESTRUCTURAS 
650 7 |d  PALACIO DE LA CULTURA-DISEÑO Y CONSTRUCCION 
650 7 |e  ARQUITECTURA-DISEÑOS Y PLANOS 
700 1 |a Tutor:  |b García Romano, Hermógenes 
942 |c BK  |2 ddc 
991 |a TESIS 
999 |c 21120